Państwa, z którymi walczyła Rosja - Statystyki

Ogólne statystyki
  • Ten quiz został rozwiązany 96 razy
    58 od ostatniego zresetowania
  • Średni wynik to 39 z 49
Statystyki odpowiedzi
Kontynent Państwo % Poprawnych
Europa Litwa
100%
Europa Ukraina
100%
Europa Łotwa
98%
Europa Niemcy
98%
Europa Polska
98%
Azja Chiny
96%
Europa Estonia
96%
Europa Finlandia
96%
Europa Francja
94%
Europa Szwecja
94%
Europa/Azja Turcja
94%
Azja Japonia
91%
Europa/Azja Kazachstan
91%
Ameryka Stany Zjednoczone
91%
Europa Austria
87%
Europa Czechy
87%
Europa Słowacja
87%
Europa Białoruś
85%
Europa Grecja
85%
Europa Norwegia
85%
Europa Rumunia
85%
Europa Włochy
85%
Azja Afganistan
83%
Azja Gruzja
83%
Azja Mongolia
83%
Europa Węgry
83%
Azja Armenia
81%
Azja Azerbejdżan
81%
Europa Serbia
79%
Europa Bułgaria
74%
Europa Dania
74%
Azja Iran
74%
Europa Mołdawia
72%
Europa Belgia
70%
Azja Korea Południowa
70%
Azja Uzbekistan
70%
Europa Bośnia i Hercegowina
68%
Europa Chorwacja
68%
Europa Czarnogóra
66%
Europa Holandia
66%
Azja Irak
66%
Azja Korea Północna
64%
Azja Kirgistan
62%
Europa Słowenia
62%
Azja Tadżykistan
60%
Europa Macedonia Północna
57%
Europa Kosowo
55%
Europa Szwajcaria
34%
Europa Liechtenstein
23%
Nie znaleziono quizów pasujących do podanych kryteriów
Rozkład punktacji
Procent ludzi z każdym wynikiem
Percentyl według liczby udzielonych odpowiedzi
Twoja historia wyników
Nie rozwiązałeś tego quizu od ostatniego zresetowania